[Event "Mittelfranken Landesliga Nord 2223"]
[Site "Mittelfranken"]
[Date "2023.04.23"]
[Round "9.3"]
[White "Roeder, Frank"]
[Black "Votruba, Pavel"]
[Result "1/2-1/2"]
[WhiteElo "2172"]
[BlackElo "2205"]
[PlyCount "22"]
[EventDate "2022.10.09"]
[EventType "team-tourn"]
[EventRounds "9"]
[EventCountry "GER"]
[SourceTitle "EXT 2024"]
[Source "ChessBase"]
[SourceDate "2023.10.10"]
[SourceVersion "1"]
[SourceVersionDate "2023.10.10"]
[SourceQuality "1"]
[WhiteTeam "Altensittenbach"]
[BlackTeam "Schwandorf"]
[WhiteTeamCountry "GER"]
[BlackTeamCountry "GER"]

1. e4 e6 2. d4 d5 3. exd5 exd5 4. Bd3 Nc6 5. c3 Bd6 6. Qf3 Nf6 7. Bg5 Bg4 8. Qe3+ Kf8 9. Ne2 h6 10. Bh4 Qe7 11. Qxe7+ Kxe7 1/2-1/2

[Event "Mittelfranken Landesliga Nord 2223"]
[Site "Mittelfranken"]
[Date "2023.01.15"]
[Round "5.3"]
[White "Liepold, Stefan"]
[Black "Roeder, Frank"]
[Result "1-0"]
[WhiteElo "2187"]
[BlackElo "2172"]
[PlyCount "69"]
[EventDate "2022.10.09"]
[EventType "team-tourn"]
[EventRounds "9"]
[EventCountry "GER"]
[SourceTitle "EXT 2024"]
[Source "ChessBase"]
[SourceDate "2023.10.10"]
[SourceVersion "1"]
[SourceVersionDate "2023.10.10"]
[SourceQuality "1"]
[WhiteTeam "Erlangen II"]
[BlackTeam "Altensittenbach"]
[WhiteTeamCountry "GER"]
[BlackTeamCountry "GER"]

1. e4 c5 2. Nf3 d6 3. d4 cxd4 4. Nxd4 Nf6 5. Nc3 e5 6. Bb5+ Nbd7 7. Nf5 a6 8. Bc4 Nb6 9. Bb3 Bxf5 10. exf5 d5 11. Qe2 Bd6 12. Bg5 0-0 13. 0-0-0 d4 14. Bxf6 gxf6 15. Ne4 Be7 16. Rd3 Kh8 17. Rg3 Nd7 18. Qh5 Rg8 19. Qxf7 Nc5 20. Nxc5 Bxc5 21. Rxg8+ Qxg8 22. Qxg8+ Rxg8 23. Bxg8 Kxg8 24. f3 Kf7 25. Kd2 Ke7 26. Kd3 Kd6 27. Ke4 b5 28. g4 Bb6 29. h4 Bd8 30. g5 fxg5 31. hxg5 Bxg5 32. Rxh7 Bc1 33. b3 a5 34. Ra7 Bd2 35. Ra6+ 1-0

[Event "Mittelfranken Landesliga Nord 2223"]
[Site "Mittelfranken"]
[Date "2022.11.27"]
[Round "3.3"]
[White "Kotz, Reinhard"]
[Black "Roeder, Frank"]
[Result "1/2-1/2"]
[WhiteElo "2135"]
[BlackElo "2172"]
[PlyCount "21"]
[EventDate "2022.10.09"]
[EventType "team-tourn"]
[EventRounds "9"]
[EventCountry "GER"]
[SourceTitle "EXT 2024"]
[Source "ChessBase"]
[SourceDate "2023.10.10"]
[SourceVersion "1"]
[SourceVersionDate "2023.10.10"]
[SourceQuality "1"]
[WhiteTeam "Herzogenaurach"]
[BlackTeam "Altensittenbach"]
[WhiteTeamCountry "GER"]
[BlackTeamCountry "GER"]

1. e4 c5 2. d4 cxd4 3. c3 dxc3 4. Nxc3 Nc6 5. Nf3 d6 6. Bc4 e6 7. 0-0 Be7 8. Qe2 Nf6 9. Rd1 Bd7 10. Bf4 Qb8 11. e5 1/2-1/2

[Event "Mittelfranken Landesliga Nord 2223"]
[Site "Mittelfranken"]
[Date "2022.10.23"]
[Round "2.3"]
[White "Roeder, Frank"]
[Black "Eibl, Maximilian"]
[Result "1-0"]
[WhiteElo "2172"]
[BlackElo "2113"]
[PlyCount "67"]
[EventDate "2022.10.09"]
[EventType "team-tourn"]
[EventRounds "9"]
[EventCountry "GER"]
[SourceTitle "EXT 2024"]
[Source "ChessBase"]
[SourceDate "2023.10.10"]
[SourceVersion "1"]
[SourceVersionDate "2023.10.10"]
[SourceQuality "1"]
[WhiteTeam "Altensittenbach"]
[BlackTeam "Kelheim"]
[WhiteTeamCountry "GER"]
[BlackTeamCountry "GER"]

1. e4 c5 2. c3 Nf6 3. e5 Nd5 4. d4 cxd4 5. cxd4 Nc6 6. Nc3 Nxc3 7. bxc3 d6 8. f4 dxe5 9. fxe5 Bf5 10. Nf3 e6 11. Bb5 Be7 12. 0-0 0-0 13. Qe2 Rc8 14. Be3 Na5 15. Bd3 Rxc3 16. Bxf5 exf5 17. Bd2 Ra3 18. Rfb1 b6 19. e6 fxe6 20. Qxe6+ Kh8 21. Re1 Bh4 22. Bb4 Rxf3 23. Bxf8 Bxe1 24. Rxe1 Rd3 25. Bd6 h6 26. Qg6 Rxd4 27. Re8+ Qxe8 28. Qxe8+ Kh7 29. Qe5 Rc4 30. h3 f4 31. Bf8 Kg6 32. Bxg7 Rc6 33. Bh8 f3 34. Qg7+ 1-0

[Event "Mittelfrank Regionalliga Nord-Ost 2122"]
[Site "Mittelfranken"]
[Date "2021.11.14"]
[Round "2.3"]
[White "Roeder, Frank"]
[Black "Pranschke, Gerd"]
[Result "1-0"]
[WhiteElo "2193"]
[BlackElo "1938"]
[PlyCount "39"]
[EventDate "2021.10.24"]
[EventType "team-tourn"]
[EventRounds "9"]
[EventCountry "GER"]
[SourceTitle "EXT 2024"]
[Source "ChessBase"]
[SourceDate "2023.10.10"]
[SourceVersion "1"]
[SourceVersionDate "2023.10.10"]
[SourceQuality "1"]
[WhiteTeam "Altensittenbach"]
[BlackTeam "Nuernberg Noris Tarrasch III"]
[WhiteTeamCountry "GER"]
[BlackTeamCountry "GER"]

1. e4 d5 2. exd5 Qxd5 3. Nc3 Qd6 4. Nf3 Nf6 5. d4 c6 6. Be2 Bf5 7. 0-0 e6 8. Ne5 Be7 9. Bf4 Qd8 10. Qd2 0-0 11. Rad1 Nbd7 12. Nc4 Nb6 13. Na5 Qd7 14. a3 Rac8 15. h3 Nbd5 16. Bh2 Nxc3 17. Qxc3 Rfd8 18. Nc4 b6 19. Ne5 Qe8 20. Ba6 1-0

[Event "Regionalliga Nord-Ost 1819"]
[Site "Bayern"]
[Date "2018.10.21"]
[Round "1.3"]
[White "Meulner, Klaus"]
[Black "Roeder, Frank"]
[Result "1/2-1/2"]
[WhiteElo "2034"]
[BlackElo "2212"]
[PlyCount "150"]
[EventDate "2018.10.21"]
[EventType "team-tourn"]
[EventRounds "9"]
[EventCountry "GER"]
[SourceTitle "EXT 2022"]
[Source "ChessBase"]
[SourceDate "2021.10.06"]
[SourceVersion "1"]
[SourceVersionDate "2021.10.06"]
[SourceQuality "1"]
[WhiteTeam "Nuernberg Sued SW II"]
[BlackTeam "Altensittenbach"]
[WhiteTeamCountry "GER"]
[BlackTeamCountry "GER"]

1. Nf3 d5 2. c4 c6 3. e3 Nf6 4. Nc3 Bg4 5. Qb3 Qb6 6. Ne5 e6 7. Nxg4 Nxg4 8. d4 f5 9. Be2 Nf6 10. 0-0 Be7 11. Bd2 0-0 12. Qc2 Nbd7 13. Na4 Qd8 14. cxd5 cxd5 15. Rfc1 a6 16. a3 Rc8 17. Qxc8 Qxc8 18. Rxc8 Rxc8 19. Rc1 Rxc1+ 20. Bxc1 b5 21. Nc3 Nb6 22. b3 Kf7 23. f3 Bd6 24. Nd1 Ke7 25. Nf2 Kd7 26. Nd3 Kc6 27. Nb4+ Kb7 28. Nc2 Ne8 29. h3 Nc8 30. Bd2 Kb6 31. g4 g6 32. Kf2 a5 33. gxf5 gxf5 34. Bd3 Nf6 35. Ke2 a4 36. bxa4 bxa4 37. Be1 Na7 38. Bh4 Nh5 39. Bd8+ Kc6 40. Kd2 Nb5 41. Bxb5+ Kxb5 42. Kd3 f4 43. e4 dxe4+ 44. fxe4 Ng3 45. e5 Bf8 46. d5 exd5 47. Nd4+ Ka6 48. e6 Bxa3 49. e7 Bxe7 50. Bxe7 Ne4 51. h4 Kb6 52. Ba3 Nf6 53. Ke2 Nd7 54. Kf3 Ne5+ 55. Kxf4 Nc4 56. Bf8 a3 57. Nc2 a2 58. Bg7 Kb5 59. Kg5 Nd2 60. Kh6 Nf3 61. h5 Kc5 62. Ba1 d4 63. Nxd4 Nxd4 64. Kxh7 Kc4 65. Kg6 Nc2 66. Bb2 Kb3 67. Bf6 Ne3 68. Ba1 Kc2 69. h6 Kb1 70. Bg7 Nc4 71. h7 Nb2 72. h8Q a1Q 73. Qh1+ Ka2 74. Qxa1+ Kxa1 75. Bxb2+ Kxb2 1/2-1/2

[Event "Regionalliga Nord-Ost 1718"]
[Site "Bayern"]
[Date "2018.04.15"]
[Round "9.3"]
[White "Seregelyes, Csaba"]
[Black "Roeder, Frank"]
[Result "1/2-1/2"]
[WhiteElo "1983"]
[BlackElo "2162"]
[PlyCount "44"]
[EventDate "2017.10.22"]
[EventType "team-tourn"]
[EventRounds "9"]
[EventCountry "GER"]
[SourceTitle "EXT 2022"]
[Source "ChessBase"]
[SourceDate "2021.10.06"]
[SourceVersion "1"]
[SourceVersionDate "2021.10.06"]
[SourceQuality "1"]
[WhiteTeam "Herzogenaurach II"]
[BlackTeam "Altensittenbach"]
[WhiteTeamCountry "GER"]
[BlackTeamCountry "GER"]

1. e4 c6 2. d4 d5 3. Nc3 dxe4 4. Nxe4 Nf6 5. Nxf6+ exf6 6. c3 Bd6 7. Bd3 Qc7 8. Ne2 Bg4 9. Be3 Nd7 10. Qd2 0-0-0 11. h3 Bh5 12. 0-0-0 Bg6 13. Bxg6 hxg6 14. Bf4 f5 15. Kb1 Rhe8 16. Bxd6 Qxd6 17. Rhe1 Nf6 18. Nc1 Ne4 19. Qc2 Qh2 20. f3 Nd6 21. Qf2 Rxe1 22. Rxe1 Re8 1/2-1/2

[Event "Regionalliga Nord-Ost 1718"]
[Site "Bayern"]
[Date "2018.01.21"]
[Round "5.3"]
[White "Stoeckl, Stephan"]
[Black "Roeder, Frank"]
[Result "0-1"]
[WhiteElo "1964"]
[BlackElo "2162"]
[PlyCount "82"]
[EventDate "2017.10.22"]
[EventType "team-tourn"]
[EventRounds "9"]
[EventCountry "GER"]
[SourceTitle "EXT 2022"]
[Source "ChessBase"]
[SourceDate "2021.10.06"]
[SourceVersion "1"]
[SourceVersionDate "2021.10.06"]
[SourceQuality "1"]
[WhiteTeam "Schwandorf"]
[BlackTeam "Altensittenbach"]
[WhiteTeamCountry "GER"]
[BlackTeamCountry "GER"]

1. Nf3 d5 2. c4 c6 3. g3 Nf6 4. Bg2 Bf5 5. b3 e6 6. Bb2 Nbd7 7. 0-0 Bd6 8. d3 0-0 9. Nbd2 h6 10. Re1 Bh7 11. e4 dxe4 12. dxe4 e5 13. Qc2 Qe7 14. a3 a5 15. Nh4 Bc5 16. Nf5 Qd8 17. h3 Re8 18. Rad1 Qb6 19. Nf1 Bxf5 20. exf5 Bd4 21. Ne3 Rad8 22. Bc3 Nc5 23. b4 axb4 24. axb4 Na6 25. Rb1 Bxc3 26. Qxc3 Qd4 27. Qc2 e4 28. Red1 Qe5 29. Qb3 Qe7 30. c5 Nc7 31. Bf1 Ncd5 32. Nc4 e3 33. Nxe3 Nxe3 34. Qxe3 Rxd1 35. Rxd1 Qxe3 36. fxe3 Nd5 37. b5 Rxe3 38. bxc6 bxc6 39. Rd3 Re1 40. Rd4 Rc1 41. Rc4 Rxf1+ 0-1

[Event "Regionalliga NO 1617"]
[Site "Bayern"]
[Date "2017.03.19"]
[Round "7.3"]
[White "Roeder, Frank"]
[Black "Laubert, Johannes"]
[Result "1-0"]
[WhiteElo "2152"]
[BlackElo "2098"]
[PlyCount "49"]
[EventDate "2016.10.16"]
[EventType "team-tourn"]
[EventRounds "9"]
[EventCountry "GER"]
[SourceTitle "EXT 2019"]
[Source "ChessBase"]
[SourceDate "2018.10.10"]
[SourceVersion "1"]
[SourceVersionDate "2018.10.10"]
[SourceQuality "1"]
[WhiteTeam "Altensittenbach"]
[BlackTeam "Windischeschenbach"]
[WhiteTeamCountry "GER"]
[BlackTeamCountry "GER"]

1. e4 c5 2. c3 e6 3. d4 d5 4. exd5 exd5 5. Nf3 cxd4 6. Nxd4 Nc6 7. Bb5 Bd7 8. Qe2+ Be7 9. 0-0 Nf6 10. Re1 Kf8 11. Bf4 Bc5 12. Nb3 Bb6 13. N1d2 Be6 14. h3 Bc7 15. Bxc7 Qxc7 16. Nf3 Re8 17. Qe3 Ne4 18. Nc5 Nd6 19. Bxc6 bxc6 20. Qf4 Bc8 21. Ng5 Bf5 22. Rxe8+ Kxe8 23. Re1+ Kd8 24. Nxf7+ Nxf7 25. Qxf5 1-0

[Event "Regionalliga NO 1617"]
[Site "Bayern"]
[Date "2016.12.04"]
[Round "3.4"]
[White "Diller, Daniel"]
[Black "Roeder, Frank"]
[Result "1-0"]
[WhiteElo "2030"]
[BlackElo "2152"]
[PlyCount "93"]
[EventDate "2016.10.16"]
[EventType "team-tourn"]
[EventRounds "9"]
[EventCountry "GER"]
[SourceTitle "EXT 2019"]
[Source "ChessBase"]
[SourceDate "2018.10.10"]
[SourceVersion "1"]
[SourceVersionDate "2018.10.10"]
[SourceQuality "1"]
[WhiteTeam "Erlangen SC II"]
[BlackTeam "Altensittenbach"]
[WhiteTeamCountry "GER"]
[BlackTeamCountry "GER"]

1. c4 c6 2. g3 d5 3. Nf3 Nf6 4. Bg2 Bf5 5. cxd5 cxd5 6. Qb3 Qb6 7. Qxb6 axb6 8. Nc3 Nc6 9. d3 e5 10. 0-0 Bd6 11. Bg5 Be6 12. Nd2 Bb4 13. a3 Bxc3 14. bxc3 0-0 15. Rfb1 Nd7 16. Be3 Ra6 17. Rb5 Na7 18. Rb2 Nc6 19. f4 f6 20. Rb5 Ne7 21. fxe5 fxe5 22. Bg5 Nf6 23. c4 Rd8 24. cxd5 Bxd5 25. Nc4 Bxg2 26. Kxg2 e4 27. dxe4 Rd4 28. e5 Ne4 29. Bxe7 Rxc4 30. Rf1 Rc8 31. e6 Re8 32. Bb4 h6 33. e7 Nf6 34. e4 Raa8 35. Rxb6 Nxe4 36. Rf8+ Kh7 37. Rxe8 Rxe8 38. Rxb7 Nf6 39. a4 Nd5 40. Bc5 Kg6 41. Rd7 Nf6 42. Rd8 Kf7 43. a5 Ne4 44. Bb4 Ng5 45. a6 Ne6 46. Rxe8 Kxe8 47. Bd6 1-0

[Event "Regionalliga NO 1617"]
[Site "Bayern"]
[Date "2016.11.20"]
[Round "2.3"]
[White "Roeder, Frank"]
[Black "Hofer, Markus"]
[Result "1/2-1/2"]
[WhiteElo "2152"]
[BlackElo "2100"]
[PlyCount "39"]
[EventDate "2016.10.16"]
[EventType "team-tourn"]
[EventRounds "9"]
[EventCountry "GER"]
[SourceTitle "EXT 2019"]
[Source "ChessBase"]
[SourceDate "2018.10.10"]
[SourceVersion "1"]
[SourceVersionDate "2018.10.10"]
[SourceQuality "1"]
[WhiteTeam "Altensittenbach"]
[BlackTeam "Buechenbach/Roth"]
[WhiteTeamCountry "GER"]
[BlackTeamCountry "GER"]

1. e4 Nf6 2. Nc3 d5 3. e5 d4 4. exf6 dxc3 5. fxg7 cxd2+ 6. Qxd2 Qxd2+ 7. Bxd2 Bxg7 8. 0-0-0 Be6 9. Ne2 Nd7 10. Bc3 Bxc3 11. Nxc3 c6 12. Be2 0-0-0 13. f4 Nf6 14. Bf3 Bg4 15. Bxg4+ Nxg4 16. Rde1 e6 17. Ne4 Rd4 18. h3 Rxe4 19. Rxe4 Nf2 20. Rhe1 1/2-1/2

[Event "Regionalliga NO 1516"]
[Site "Bayern"]
[Date "2016.04.10"]
[Round "9.4"]
[White "Roeder, Frank"]
[Black "Tassell, Pierre"]
[Result "1/2-1/2"]
[WhiteElo "2149"]
[BlackElo "2008"]
[PlyCount "28"]
[EventDate "2015.10.11"]
[EventType "team-tourn"]
[EventRounds "9"]
[EventCountry "GER"]
[SourceTitle "EXT 2018"]
[Source "ChessBase"]
[SourceDate "2017.10.13"]
[SourceVersion "1"]
[SourceVersionDate "2017.10.13"]
[SourceQuality "1"]
[WhiteTeam "Altensittenbach"]
[BlackTeam "Regensburg Bavaria"]
[WhiteTeamCountry "GER"]
[BlackTeamCountry "GER"]

1. e4 c5 2. c3 Nf6 3. e5 Nd5 4. d4 cxd4 5. cxd4 d6 6. Bc4 Nb6 7. Bb5+ Nc6 8. Nf3 dxe5 9. Nxe5 Bd7 10. Nc3 Nxe5 11. dxe5 Bxb5 12. Nxb5 Qxd1+ 13. Kxd1 Nd5 14. Ke2 a6 1/2-1/2

[Event "Regionalliga NO 1516"]
[Site "Bayern"]
[Date "2015.10.25"]
[Round "2.4"]
[White "Kaiser, Harald"]
[Black "Roeder, Frank"]
[Result "1-0"]
[WhiteElo "1972"]
[BlackElo "2149"]
[PlyCount "49"]
[EventDate "2015.10.11"]
[EventType "team-tourn"]
[EventRounds "9"]
[EventCountry "GER"]
[SourceTitle "EXT 2018"]
[Source "ChessBase"]
[SourceDate "2017.10.13"]
[SourceVersion "1"]
[SourceVersionDate "2017.10.13"]
[SourceQuality "1"]
[WhiteTeam "Bechhofen"]
[BlackTeam "Altensittenbach"]
[WhiteTeamCountry "GER"]
[BlackTeamCountry "GER"]

1. e4 c5 2. d4 cxd4 3. c3 dxc3 4. Nxc3 Nc6 5. Nf3 d6 6. Bc4 Nf6 7. e5 dxe5 8. Qxd8+ Nxd8 9. Nb5 Rb8 10. Nxe5 Ne6 11. Nxa7 Nd4 12. Bxf7+ Kd8 13. 0-0 Nd7 14. Rd1 e6 15. Rxd4 Bc5 16. Bg5+ Kc7 17. Nb5+ Kb6 18. Nxd7+ Bxd7 19. Rxd7 Kxb5 20. Bxe6 Rhe8 21. Bd5 Re2 22. Be3 Bxe3 23. fxe3 b6 24. b3 g6 25. Bc4+ 1-0

[Event "Bayern-ch Seniors op 27th"]
[Site "Bergen"]
[Date "2015.06.15"]
[Round "5"]
[White "Jergler, Karl Heinz"]
[Black "Roeder, Frank"]
[Result "1/2-1/2"]
[WhiteElo "2076"]
[BlackElo "2184"]
[PlyCount "24"]
[EventDate "2015.06.15"]
[EventType "swiss"]
[EventRounds "9"]
[EventCountry "GER"]
[SourceTitle "EXT 2019"]
[Source "ChessBase"]
[SourceDate "2018.10.10"]
[SourceVersion "1"]
[SourceVersionDate "2018.10.10"]
[SourceQuality "1"]

1. e4 c6 2. d4 d5 3. e5 Bf5 4. Nf3 e6 5. a3 Nd7 6. c4 dxc4 7. Bxc4 Ne7 8. 0-0 Nb6 9. Bd3 Bxd3 10. Qxd3 Nf5 11. Nc3 Be7 12. Re1 h6 1/2-1/2

[Event "Regionalliga NO 1415"]
[Site "Bayern"]
[Date "2015.02.22"]
[Round "7.4"]
[White "Roeder, Frank"]
[Black "Holzer, Johann"]
[Result "1-0"]
[WhiteElo "2149"]
[BlackElo "1863"]
[PlyCount "43"]
[EventDate "2014.10.19"]
[EventType "team-tourn"]
[EventRounds "9"]
[EventCountry "GER"]
[SourceTitle "EXT 2018"]
[Source "ChessBase"]
[SourceDate "2017.10.13"]
[SourceVersion "1"]
[SourceVersionDate "2017.10.13"]
[SourceQuality "1"]
[WhiteTeam "Altensittenbach"]
[BlackTeam "Bechhofen"]
[WhiteTeamCountry "GER"]
[BlackTeamCountry "GER"]

1. e4 e5 2. Nc3 Nc6 3. Bc4 Nf6 4. d3 Na5 5. Nge2 Nxc4 6. dxc4 Bc5 7. 0-0 d6 8. Bg5 h6 9. Bxf6 Qxf6 10. b4 Bb6 11. a4 c6 12. a5 Bc7 13. Qd3 0-0 14. b5 Qg6 15. a6 f5 16. axb7 Bxb7 17. exf5 Qxf5 18. Ng3 Qg4 19. bxc6 Bxc6 20. Nd5 Qd7 21. Ne4 Rfd8 22. Ndf6+ 1-0

[Event "GER-chT Seniors 23rd"]
[Site "Bergen"]
[Date "2014.09.04"]
[Round "5.3"]
[White "Postler, Reinhard"]
[Black "Roeder, Frank"]
[Result "1-0"]
[WhiteElo "2222"]
[BlackElo "2254"]
[PlyCount "63"]
[EventDate "2014.09.01"]
[EventType "team-swiss"]
[EventRounds "7"]
[EventCountry "GER"]
[SourceTitle "EXT 2018"]
[Source "ChessBase"]
[SourceDate "2017.10.13"]
[SourceVersion "1"]
[SourceVersionDate "2017.10.13"]
[SourceQuality "1"]

1. e4 c6 2. d4 d5 3. Nc3 dxe4 4. Nxe4 Nf6 5. Nxf6+ exf6 6. c3 Bd6 7. Bd3 Qc7 8. Ne2 Bg4 9. Qc2 Nd7 10. h3 Bh5 11. Be3 Bg6 12. Bxg6 hxg6 13. Qe4+ Kf8 14. 0-0 Re8 15. Qf3 Rh4 16. Rfe1 Rhe4 17. c4 Bb4 18. Red1 Qb8 19. a3 Ba5 20. b4 Bc7 21. Nc3 R4e7 22. b5 Nb6 23. bxc6 Nxc4 24. Nd5 Re4 25. Rab1 b6 26. Nxc7 Qxc7 27. d5 Nxe3 28. fxe3 Rxe3 29. d6 Rxf3 30. dxc7 Rc3 31. Rd8 Rxc6 32. Re1 1-0

[Event "GER-chT Seniors 23rd"]
[Site "Bergen"]
[Date "2014.09.03"]
[Round "3.3"]
[White "Burger, Heinrich"]
[Black "Roeder, Frank"]
[Result "0-1"]
[WhiteElo "2097"]
[BlackElo "2254"]
[PlyCount "98"]
[EventDate "2014.09.01"]
[EventType "team-swiss"]
[EventRounds "7"]
[EventCountry "GER"]
[SourceTitle "EXT 2018"]
[Source "ChessBase"]
[SourceDate "2017.10.13"]
[SourceVersion "1"]
[SourceVersionDate "2017.10.13"]
[SourceQuality "1"]

1. Nf3 d5 2. g3 Nc6 3. d4 Bf5 4. Bg2 e6 5. 0-0 Nb4 6. Na3 Nf6 7. c3 Na6 8. Qb3 Qc8 9. Bg5 Be7 10. c4 c6 11. Rac1 h6 12. Bf4 0-0 13. cxd5 exd5 14. Nb5 Qd8 15. Nc3 Qb6 16. Qxb6 axb6 17. a3 b5 18. Nd2 b4 19. axb4 Nxb4 20. Nb3 Bc2 21. Nd2 Bh7 22. h4 Nh5 23. Bc7 Na6 24. Bb6 f5 25. Nxd5 cxd5 26. Bxd5+ Kh8 27. Nc4 Bg8 28. Bxb7 Rab8 29. Bxa6 Bxc4 30. Bxc4 Rxb6 31. b3 f4 32. g4 Rg6 33. f3 Ng3 34. Rfd1 Bxh4 35. d5 Be7 36. Kg2 Nf5 37. Bd3 Ne3+ 38. Kh3 Rg5 39. d6 Bxd6 40. Rd2 h5 41. Bb1 hxg4+ 42. fxg4 Ba3 43. Rc6 Rxg4 44. Rg6 Rg3+ 45. Rxg3 fxg3 46. Rd4 g2 47. Rh4+ Kg8 48. Bh7+ Kf7 49. Kh2 g5 0-1

[Event "GER-chT Seniors 23rd"]
[Site "Bergen"]
[Date "2014.09.02"]
[Round "2.3"]
[White "Roeder, Frank"]
[Black "Jolowicz, Matias"]
[Result "1/2-1/2"]
[WhiteElo "2254"]
[BlackElo "2175"]
[PlyCount "52"]
[EventDate "2014.09.01"]
[EventType "team-swiss"]
[EventRounds "7"]
[EventCountry "GER"]
[SourceTitle "EXT 2018"]
[Source "ChessBase"]
[SourceDate "2017.10.13"]
[SourceVersion "1"]
[SourceVersionDate "2017.10.13"]
[SourceQuality "1"]

1. e4 c5 2. c3 g6 3. d4 cxd4 4. cxd4 d5 5. exd5 Nf6 6. Bb5+ Nbd7 7. Nc3 Bg7 8. d6 exd6 9. Qe2+ Qe7 10. Bf4 Qxe2+ 11. Bxe2 d5 12. Nb5 0-0 13. Bd6 Rd8 14. Be7 Re8 15. Bxf6 Nxf6 16. Nc7 Bf5 17. Nxa8 Rxa8 18. Nf3 Re8 19. Ne5 Ng4 20. Nxg4 Bxg4 21. f3 Bd7 22. Kf1 Bxd4 23. Rd1 Bxb2 24. Rxd5 Be6 25. Rd2 Rc8 26. Rxb2 Rc1+ 1/2-1/2

[Event "Bayern-ch op Seniors 26th"]
[Site "Bergen"]
[Date "2014.06.28"]
[Round "8"]
[White "Roeder, Frank"]
[Black "Gerl, Hans Peter"]
[Result "1-0"]
[WhiteElo "2184"]
[BlackElo "1917"]
[PlyCount "59"]
[EventDate "2014.06.21"]
[EventType "swiss"]
[EventRounds "7"]
[EventCountry "GER"]
[SourceTitle "EXT 2018"]
[Source "ChessBase"]
[SourceDate "2017.10.13"]
[SourceVersion "1"]
[SourceVersionDate "2017.10.13"]
[SourceQuality "1"]

1. e4 c5 2. c3 Nf6 3. e5 Nd5 4. d4 cxd4 5. cxd4 e6 6. Nc3 Nxc3 7. bxc3 d6 8. f4 Qc7 9. Bd2 Be7 10. Nf3 b6 11. Bd3 Bb7 12. 0-0 Nd7 13. f5 exf5 14. Bxf5 0-0 15. Ng5 g6 16. e6 Bxg5 17. Bxg5 fxe6 18. Bxe6+ Kh8 19. Qg4 Bc6 20. Qh4 Rae8 21. Qh6 Qb8 22. Bxd7 Bxd7 23. Bf6+ Rxf6 24. Rxf6 Kg8 25. Raf1 Bf5 26. Qg5 Bd3 27. Rf7 Bc4 28. d5 Re1 29. Rxe1 Kxf7 30. Qf4+ 1-0

[Event "Bayern-ch op Seniors 26th"]
[Site "Bergen"]
[Date "2014.06.25"]
[Round "5"]
[White "Roeder, Gerd"]
[Black "Roeder, Frank"]
[Result "1/2-1/2"]
[WhiteElo "2016"]
[BlackElo "2184"]
[PlyCount "25"]
[EventDate "2014.06.21"]
[EventType "swiss"]
[EventRounds "7"]
[EventCountry "GER"]
[SourceTitle "EXT 2018"]
[Source "ChessBase"]
[SourceDate "2017.10.13"]
[SourceVersion "1"]
[SourceVersionDate "2017.10.13"]
[SourceQuality "1"]

1. f4 Nf6 2. Nf3 d6 3. g3 g6 4. b3 Bg7 5. Bb2 0-0 6. Bg2 c5 7. 0-0 Nc6 8. e3 Bd7 9. Nc3 Qc8 10. Ne2 Bh3 11. Ng5 Bxg2 12. Kxg2 h6 13. Nf3 1/2-1/2

[Event "Regionalliga NO 1314"]
[Site "Bayern"]
[Date "2013.12.15"]
[Round "4.3"]
[White "Roeder, Frank"]
[Black "Schoeller, Wolfgang"]
[Result "1-0"]
[WhiteElo "2184"]
[BlackElo "2007"]
[PlyCount "39"]
[EventDate "2013.10.13"]
[EventType "team-tourn"]
[EventRounds "9"]
[EventCountry "GER"]
[SourceTitle "EXT 2015"]
[Source "ChessBase"]
[SourceDate "2014.11.20"]
[SourceVersion "1"]
[SourceVersionDate "2014.11.20"]
[SourceQuality "1"]
[WhiteTeam "Altensittenbach"]
[BlackTeam "Fuerth SF"]
[WhiteTeamCountry "GER"]
[BlackTeamCountry "GER"]

1. e4 c5 2. c3 Nf6 3. e5 Nd5 4. g3 d6 5. exd6 Qxd6 6. Bg2 e6 7. Nf3 Be7 8. 0-0 0-0 9. d4 cxd4 10. Nxd4 a6 11. Nf5 exf5 12. Qxd5 Qb6 13. Nd2 Rd8 14. Nc4 Qg6 15. Qf3 Nc6 16. Nb6 Nd4 17. Qe3 Qxb6 18. Qxe7 Nc2 19. Bf4 Rf8 20. Rac1 1-0

[Event "Regionalliga NO 1213"]
[Site "Bayern"]
[Date "2013.02.24"]
[Round "7.3"]
[White "Roeder, Frank"]
[Black "Hanisch, Friedrich"]
[Result "1-0"]
[WhiteElo "2184"]
[BlackElo "1981"]
[PlyCount "75"]
[EventDate "2012.10.14"]
[EventType "team-tourn"]
[EventRounds "9"]
[EventCountry "GER"]
[SourceTitle "EXT 2015"]
[Source "ChessBase"]
[SourceDate "2014.11.20"]
[SourceVersion "1"]
[SourceVersionDate "2014.11.20"]
[SourceQuality "1"]
[WhiteTeam "Altensittenbach"]
[BlackTeam "Lauf"]
[WhiteTeamCountry "GER"]
[BlackTeamCountry "GER"]

1. e4 c5 2. c3 Nf6 3. e5 Nd5 4. d4 cxd4 5. cxd4 d6 6. Bc4 Nb6 7. Bb5+ Nc6 8. Nf3 dxe5 9. Nxe5 Bd7 10. Nc3 Nxe5 11. dxe5 Bxb5 12. Nxb5 Qxd1+ 13. Kxd1 0-0-0+ 14. Ke2 Rd5 15. a4 Rxe5+ 16. Be3 Nd5 17. Rac1+ Kb8 18. Rhd1 e6 19. Kf3 Rf5+ 20. Ke2 Re5 21. Kf3 Rf5+ 22. Kg3 Be7 23. Bxa7+ Ka8 24. Be3 Rd8 25. h4 h5 26. Rd2 b6 27. Rdc2 Bd6+ 28. Kh3 Kb7 29. Nd4 Nxe3 30. fxe3 Re5 31. Rc3 Bc5 32. Nc2 Rd2 33. b4 Bd6 34. Nd4 Re4 35. Nf3 Rg4 36. Nxd2 Rg3+ 37. Kh2 Rxe3+ 38. Kg1 1-0